|
|
|
|
| LEADER |
00880pam a22002538a 4500 |
| 001 |
00020433 |
| 005 |
20171026081025.0 |
| 008 |
110518s1997 ||||||Viesd |
| 041 |
0 |
# |
|a Vie
|
| 082 |
1 |
# |
|a 515
|b T406H
|
| 100 |
0 |
# |
|a Ngô Thành Phong
|
| 245 |
0 |
0 |
|a Toán học cao cấp
|c Ngô Thành Phong
|n T.1
|p Giải tích
|
| 260 |
# |
# |
|a Tp. Hồ Chí Minh
|b [NXB Tp. Hồ Chí Minh]
|c 1997
|
| 300 |
# |
# |
|a 304 tr.
|c 19 cm.
|
| 490 |
0 |
# |
|a Tủ sách Đại học đại cương Tp. Hồ Chí Minh
|
| 650 |
|
|
|a Toán cao cấp
|
| 650 |
|
|
|a giải tích
|
| 653 |
# |
# |
|a Phép tính tích phân
|
| 653 |
# |
# |
|a Phép tính vi phân
|
| 653 |
# |
# |
|a Phương trình vi phân
|
| 852 |
# |
# |
|b Kho đọc
|j KD.0005838
|
| 852 |
# |
# |
|j KD.0005838
|
| 910 |
# |
# |
|a Đức
|d 18/05/2011
|
| 980 |
# |
# |
|a Trung tâm Học liệu Lê Vũ Hùng, Trường Đại học Đồng Tháp
|